00789cam a2200253 a 4500001000800000005001700008008004100025010001700066020002500083020003200108040003000140041000800170043001200178080001900190082002300209100000700232101000800239245006600247504003000313906004500343942001200388999001700400952011800417147815420180215070302.0870730s1988 cau b 000 0 eng  a 87022454  a0803927320 :c$29.95 a0803927339 (soft) :c$14.95 aDLCcDLCdDLCdOCoLCdDLC aeng an-us--- a320.088042 MUE00a320.088042 MUE219 a19 aPOL04aThe Politics of the gender gap :cedited by Carol M. Mueller. aBibliography: p. 300-312. a7bcbccorignewd1eocipf19gy-gencatlg 2ddccBK c42651d42651 00102udc40708PËKGa002b002cPËKGd2018-02-15l0o320.088042 MUEp002-2998488r2018-02-15w2018-02-15yBK